<The> Financial System in the Economy

Gespeichert in:
Bibliographische Detailangaben
1. Verfasser: Rose, Peter S.
Format: Buch
Sprache:Englisch
Veröffentlicht: Plano American College 1986
Ausgabe:1. ed.
Tags: Tag hinzufügen
Keine Tags, Fügen Sie das erste Tag hinzu!

MARC

LEADER 00000nam a2200000 4500
001 c023456
005 20221220071512.8
041 0 |a eng 
044 |a US 
245 1 0 |a <The> Financial System in the Economy  |c Peter S. Rose 
250 |a 1. ed. 
264 1 |a Plano  |b American College  |c 1986 
300 |a 875 s. 
100 1 |a Rose, Peter S.